Principios de auditoría (Registro nro. 1465)
[ vista simple ]
| 000 -CABECERA | |
|---|---|
| campo de control de longitud fija | 01036aam a2200373 4500 |
| 005 - FECHA Y HORA DE ACTUALIZACIÓN | |
| campo de control | 20231113160239.0 |
| 008 - LONGITUD FIJA | |
| campo de control de longitud fija | 150624b xxu||||| |||| 00| 0 spa d |
| 041 ## - IDIOMA | |
| Código de idioma del texto/pista de sonido o título separado | |
| 082 ## - CLASIFICACIÓN DECIMAL DEWEY | |
| Número de clasificación | 657.45 W571p |
| 100 ## - AUTOR PERSONAL | |
| Nombre de persona | Whittington, Ray |
| 245 ## - TÍTULO PROPIAMENTE DICHO | |
| Título | Principios de auditoría |
| 250 ## - EDICIÓN | |
| Mención de edición | 14 edición. |
| 260 ## - PIE DE IMPRENTA | |
| Lugar de publicación, distribución, etc. | México |
| 260 ## - PIE DE IMPRENTA | |
| Nombre del editor, distribuidor, etc. | McGraw-Hill |
| 260 ## - PIE DE IMPRENTA | |
| Fecha de publicación, distribución, etc. | 2005 |
| 300 ## - DESCRIPCIÓN FÍSICA | |
| Extensión | 736 páginas |
| 650 ## - Materia General | |
| Materia general | AUDITORÍA |
| 650 ## - Materia General | |
| Materia general | CONTADOR PÚBLICO |
| 650 ## - Materia General | |
| Materia general | CONTADURÍA PÚBLICA |
| 650 ## - Materia General | |
| Materia general | NORMAS DE AUDITORÍA |
| 650 ## - Materia General | |
| Materia general | PROCEDIMIENTOS |
| 650 ## - Materia General | |
| Materia general | CONTROL INTERNO |
| 650 ## - Materia General | |
| Materia general | TECNOLOGÍA DE LA INFORMACIÓN |
| 650 ## - Materia General | |
| Materia general | COMPUTADORAS |
| 650 ## - Materia General | |
| Materia general | MUESTREO |
| 650 ## - Materia General | |
| Materia general | INVERSIONES FINANCIERAS |
| 650 ## - Materia General | |
| Materia general | INVENTARIOS |
| 650 ## - Materia General | |
| Materia general | PLANTA Y EQUIPO |
| 650 #0 - Materia General | |
| Materia general | DEPRECIACIÓN |
| 650 ## - Materia General | |
| Materia general | PASIVOS |
| 650 ## - Materia General | |
| Materia general | AUDITORES |
| 650 ## - Materia General | |
| Materia general | AUDITORIA INTERNA |
| 942 ## - Punto de Acceso Adicional Koha | |
| Tipo de ítem Koha | Libro |
| Estado perdido | Estado dañado | No para préstamo | Biblioteca permanente | Biblioteca actual | Signatura completa | Código de barras | Precio efectivo a partir del | Tipo de ítem |
|---|---|---|---|---|---|---|---|---|
| Departamento de Biblioteca y Documentación Alfonso Chase Brenes | Departamento de Biblioteca y Documentación Alfonso Chase Brenes | 657.45 W571p | 10457 | 12/10/2016 | Libro | |||
| Departamento de Biblioteca y Documentación Alfonso Chase Brenes | Departamento de Biblioteca y Documentación Alfonso Chase Brenes | 657.45 W571p | 10458 | 12/10/2016 | Libro | |||
| Departamento de Biblioteca y Documentación Alfonso Chase Brenes | Departamento de Biblioteca y Documentación Alfonso Chase Brenes | 657.45 W571p | 17872 | 12/10/2016 | Libro | |||
| Departamento de Biblioteca y Documentación Alfonso Chase Brenes | Departamento de Biblioteca y Documentación Alfonso Chase Brenes | 657.45 W571p | 24743 | 13/11/2019 | Libro | |||
| Departamento de Biblioteca y Documentación Alfonso Chase Brenes | Departamento de Biblioteca y Documentación Alfonso Chase Brenes | 657.45 W571p | 24742 | 13/11/2019 | Libro |